000 00632nam a22001937a 4500
001 000030457
003 RuMoIPM
005 20260430122624.0
008 260430s1972 ru ||||| |||| 00| 0 rus d
040 _aRuMoIPM
_brus
_ercr
041 _arus
044 _aru
080 _a51(075)
100 1 _aПентковский, Мстислав Вячеславович
245 1 0 _aВведение в курс высшей математики
_b[учебное пособие для втузов]
_cМ. В. Пентковский
260 _aМосква
_bВысшая школа
_c1972
300 _a280 с.
_bил.
942 _cBK
999 _c30457
_d30457